Worst NHL teams since 2000 - Statistics

General Stats
  • This quiz has been taken 50 times
    21 since last reset
  • The average score is 5 of 23
Answer Stats
Year Team % Correct
2023-24 Sharks
89%
2022-23 Ducks
67%
2020-21 Sabres
61%
2021-22 Canadiens
44%
2014-15 Sabres
39%
2015-16 Maple Leafs
28%
2010-11 Oilers
28%
2009-10 Oilers
22%
2017-18 Sabres
22%
2013-14 Sabres
22%
2018-19 Senators
17%
2016-17 Avalanche
11%
2012-13 Panthers
11%
2005-06 Blues
6%
2006-07 Flyers
6%
2002-03 Hurricanes
6%
2008-09 Islanders
6%
2000-01 Islanders
6%
2007-08 Lightning
6%
2003-04 Penguins
6%
2019-20 Red Wings
6%
2001-02 Thrashers
6%
2011-12 Canadiens
0%
No matching quizzes found
Score Distribution
Percent of People with Each Score
Percentile by Number Answered
Your Score History
You have not taken this quiz since the last reset